000 00489nam a22001817a 4500
008 210819b |||||||| |||| 00| 0 eng d
020 _a9789937292238
082 _aN793.31095496/M196n
100 _aMagar,Padam Srita
245 _aNepalako lok sanskriti sorathi
260 _aHongkong:
_bJanga Bahadur Srisa Magar,
_c2071BS.
300 _a310p.
650 _aFolk dance
650 _aFolk dance- Nepal
651 _aNepal
700 _aMagar, Shera Bahadur
942 _2ddc
_cG-NC
999 _c101135
_d101124